000 00206nam a22000857a 4500
008 170125b xxu||||| |||| 00| 0 eng d
100 _92580
_aMohan.R
245 _aMathesis-Class-1
260 _aNew delhi
_bGRB
_c2012
999 _c5706
_d5706